[Event "Konnerud Høst 2017"]
[Site "Konnerud bydelshus"]
[Date "2017.10.11"]
[Round "4"]
[White "Marthinussen, Emma Viktoria L"]
[Black "Selmer, Thorgrim J"]
[Result "0-1"]
[WhiteElo "1415"]
[BlackElo "1647"]
[PlyCount "144"]
[EventDate "2017.??.??"]

1. e4 c5 2. Nf3 e6 3. Nc3 Nc6 4. Bb5 g6 5. d3 Bg7 6. Be3 Nge7 7. Bxc5 Qa5 8.
O-O Bxc3 9. bxc3 Qxb5 10. Be3 b6 11. Nd4 Qe5 12. Qd2 Bb7 13. Rab1 Rd8 14. Bf4
Qa5 15. Nb5 O-O 16. Bh6 d5 17. Qf4 f5 18. Bxf8 Kxf8 19. Nc7 Bc8 20. Rb3 dxe4
21. dxe4 Qe5 22. Qxe5 Nxe5 23. exf5 exf5 24. Re1 Rd7 25. Ne6+ Kg8 26. Nd4 Nc4
27. f3 Kf7 28. Rb4 Na5 29. Rb5 Nd5 30. c4 Nxc4 31. Rb3 Na5 32. Rd3 Ba6 33. Rd2
Nc4 34. Rdd1 Nc3 35. Rd3 Nxa2 36. Ra1 Nb4 37. Rb3 Rxd4 38. Rxb4 Bc8 39. Rxa7+
Kf6 40. Rc7 Be6 41. c3 Rd1+ 42. Kf2 Rd2+ 43. Kg1 Ne3 44. Rxb6 Nd5 45. Rd7 Rd1+
46. Kf2 Nxc3 47. Rxd1 Nxd1+ 48. Ke2 Nc3+ 49. Kd3 Nd5 50. Rb2 f4 51. Rf2 h5 52.
Ke4 h4 53. h3 g5 54. Rd2 Ne3 55. Kd4 Bc4 56. Rf2 Bf1 57. Rxf1 Nxf1 58. Kd3 Ne3
59. Ke2 Nxg2 60. Kf2 Ne3 61. Ke2 Ke5 62. Kf2 Kd4 63. Ke2 Nc4 64. Kf2 Kd3 65.
Kf1 Ke3 66. Kg2 Ne5 67. Kh2 Kxf3 68. Kg1 Kg3 69. Kf1 Kxh3 70. Kf2 Kh2 71. Kf1
g4 72. Kf2 g3+
0-1

[Event "Konnerud Høst 2017"]
[Site "Konnerud bydelshus"]
[Date "2017.10.23"]
[Round "4"]
[White "Andersson, Øivind"]
[Black "Omland, Harald"]
[Result "1-0"]
[WhiteElo "1546"]
[BlackElo "1644"]
[PlyCount "133"]
[EventDate "2017.??.??"]

1. e4 c5 2. Nf3 d6 3. Nc3 e6 4. b3 Nf6 5. Bb2 Be7 6. Be2 O-O 7. O-O a6 8. d4
cxd4 9. Nxd4 Nc6 10. Bf3 Ne5 11. Be2 b5 12. a3 Bb7 13. f3 Nc6 14. Kh1 Qb6 15.
Nxc6 Qxc6 16. b4 Rac8 17. Bd3 Nd7 18. Ne2 Nb6 19. Rc1 Nc4 20. Bxc4 Qxc4 21. Qd4
f6 22. Qxc4 bxc4 23. Bc3 d5 24. exd5 exd5 25. Nd4 Rfe8 26. Rfe1 Bd6 27. g3 Kf7
28. Kg2 Re5 29. Kf2 Rce8 30. Re2 Bc7 31. Kf1 Re3 32. Rce1 R3e5 33. b5 axb5 34.
Nxb5 Rxe2 35. Rxe2 Bb8 36. Bd4 Bc6 37. a4 Re7 38. Rxe7+ Kxe7 39. Ke2 Kd7 40.
Kd2 Bxb5 41. axb5 Bd6 42. Kc3 Kc7 43. f4 Kb7 44. Be3 Bc7 45. Bc5 g5 46. fxg5
fxg5 47. Kd4 h5 48. Kxd5 h4 49. gxh4 gxh4 50. h3 c3 51. Kc4 Ba5 52. Be7 Kc7 53.
Bxh4 Kd6 54. Be1 Bd8 55. Bxc3 Bh4 56. Bd4 Kc7 57. Kd3 Bg3 58. c4 Kb7 59. c5 Kc7
60. Kc4 Kd7 61. Kd5 Kc8 62. Kc6 Kb8 63. Bf6 Bf4 64. Be7 Kc8 65. h4 Bh6 66. h5
Kb8 67. Bd6+
1-0

[Event "Konnerud Høst 2017"]
[Site "Konnerud bydelshus"]
[Date "2017.09.06"]
[Round "4"]
[White "Løvaas, Roger"]
[Black "Høisveen, Tore"]
[Result "0-1"]
[WhiteElo "1443"]
[BlackElo "1544"]
[PlyCount "146"]
[EventDate "2017.??.??"]

1. d4 d5 2. Bf4 Nf6 3. Nf3 e6 4. h3 Bd6 5. Ne5 Nbd7 6. e3 h6 7. c4 Bb4+ 8. Nc3
Bxc3+ 9. bxc3 c6 10. c5 O-O 11. Bd3 Nxe5 12. Bxe5 Nd7 13. Bxg7 Kxg7 14. Qg4+
Qg5 15. Qxg5+ hxg5 16. Ke2 f5 17. h4 g4 18. h5 Rh8 19. Rh2 Nf6 20. Rah1 Rh6 21.
f3 Bd7 22. fxg4 Nxg4 23. Rh4 Rah8 24. Kf3 Nf6 25. Kf4 Rxh5 26. Rxh5 Rxh5 27.
Rb1 Bc8 28. Ke5 Ng4+ 29. Kd6 Nxe3 30. Kc7 Rh8 31. a4 Kf6 32. g3 Ke7 33. Re1 Nc4
34. Bxf5 Na5 35. Kb8 a6 36. Kc7 Kf6 37. Bd3 Ke7 38. g4 Nc4 39. Bxc4 dxc4 40. g5
Bd7 41. Kxb7 a5 42. Kb6 Rb8+ 43. Kxa5 Rb3 44. Re3 Bc8 45. Rf3 Rb1 46. Rg3 Kf7
47. Rg2 Kg6 48. Rg3 Rb3 49. Rg1 Rxc3 50. Kb4 Rc2 51. a5 Ba6 52. Re1 Rb2+ 53.
Kc3 Rb3+ 54. Kc2 Bb5 55. Ra1 Ba6 56. Re1 Kxg5 57. Rxe6 Bb5 58. Re8 Ra3 59. Ra8
Kf5 60. Kb2 Ra4 61. Kc3 Ke4 62. Re8+ Kf3 63. Rf8+ Ke2 64. Re8+ Kd1 65. Rf8 Rxa5
66. Rf1+ Ke2 67. Rh1 Ra3+ 68. Kb2 Rb3+ 69. Ka2 Ke3 70. Rh3+ Kxd4 71. Rxb3 cxb3+
72. Kxb3 Kxc5 73. Kc3 Kd5
0-1

[Event "Konnerud Høst 2017"]
[Site "Konnerud bydelshus"]
[Date "2017.10.11"]
[Round "4"]
[White "Auke, Morthen"]
[Black "Bjørklund, Torfinn"]
[Result "1-0"]
[WhiteElo "1294"]
[BlackElo "1491"]
[PlyCount "131"]
[EventDate "2017.??.??"]

1. d4 d5 2. Nf3 Nf6 3. h3 e6 4. Bf4 Bd6 5. Bxd6 Qxd6 6. a3 b6 7. e3 O-O 8. Bd3
Ba6 9. O-O c5 10. Bxa6 Nxa6 11. Qe2 Nc7 12. Nbd2 Rfe8 13. Rac1 c4 14. Nb1 Ne4
15. Nfd2 b5 16. Nxe4 dxe4 17. Rfd1 Nd5 18. Nd2 f5 19. Rf1 a6 20. f3 exf3 21.
Nxf3 Nf6 22. Ne5 Ne4 23. Qh5 Rf8 24. Kh2 Rf6 25. Rf3 Raf8 26. Rff1 Rg6 27. Qh4
Rff6 28. Rf4 Rh6 29. Qe1 g5 30. Rf1 g4 31. Qb4 Qxb4 32. axb4 gxh3 33. gxh3 Rh5
34. Rf3 Rf8 35. Nd7 Rf7 36. Rg1+ Kh8 37. Ne5 Rg7 38. Rxg7 Kxg7 39. Nc6 Ng5 40.
Rg3 Kf6 41. Nb8 Rh4 42. Nxa6 f4 43. exf4 Rxf4 44. Kg2 Rxd4 45. Rc3 Rf4 46. Nc7
Rf5 47. Re3 Re5 48. Rxe5 Kxe5 49. Nxb5 Ke4 50. c3 Kd3 51. Nd6 e5 52. b5 Ne6 53.
b6 Nd8 54. Kf3 Nc6 55. b7 Nb8 56. h4 h5 57. Ne4 Kc2 58. Ke3 Kxb2 59. Kd2 Kb3
60. Nf6 Nc6 61. Nxh5 e4 62. Nf4 e3+ 63. Kxe3 Kxc3 64. Ne2+ Kb4 65. Nd4 Nb8 66.
h5
1-0

[Event "Konnerud Høst 2017"]
[Site "Konnerud bydelshus"]
[Date "2017.10.11"]
[Round "4"]
[White "Flemsæter, Egil"]
[Black "Aure, Håvard"]
[Result "1-0"]
[WhiteElo "1389"]
[BlackElo "1418"]
[PlyCount "49"]
[EventDate "2017.??.??"]

1. Nf3 Nf6 2. c4 c5 3. e3 Nc6 4. d4 e6 5. Nc3 d5 6. Bd3 cxd4 7. cxd5 dxc3 8.
dxc6 cxb2 9. Bxb2 Bb4+ 10. Ke2 bxc6 11. Qa4 a5 12. a3 Be7 13. Rhd1 Bd7 14. Ne5
Qc7 15. Nxd7 Nxd7 16. Rac1 Nc5 17. Qc4 O-O 18. Qg4 f6 19. Bc4 Qc8 20. Bd4 Kh8
21. Bxc5 f5 22. Qd4 Rd8 23. Qe5 Bf6 24. Rxd8+ Qxd8 25. Qxe6
1-0

[Event "Konnerud Høst 2017"]
[Site "Konnerud bydelshus"]
[Date "2017.10.18"]
[Round "5"]
[White "Taksrud, Vidar"]
[Black "Stenseng, Benjamin"]
[Result "1-0"]
[WhiteElo "1983"]
[BlackElo "1171"]
[PlyCount "53"]
[EventDate "2017.??.??"]

1. Nf3 f5 2. d4 Nf6 3. Bg5 e6 4. e3 Be7 5. Nbd2 O-O 6. Bd3 d5 7. Ne5 Nbd7 8.
Ndf3 c6 9. O-O Ne4 10. Bxe7 Qxe7 11. Nxd7 Bxd7 12. Ne5 Be8 13. c3 Rc8 14. f4 c5
15. g4 c4 16. Bxe4 fxe4 17. g5 b5 18. a3 Rc7 19. Kh1 Rf5 20. Rg1 Kf8 21. Qg4 h6
22. gxh6 Bh5 23. Qxf5+ exf5 24. h7 Bf3+ 25. Nxf3 Ke8 26. h8=Q+ Qf8 27. Qxf8+
1-0

[Event "Konnerud Høst 2017"]
[Site "Konnerud bydelshus"]
[Date "2017.10.18"]
[Round "5"]
[White "Zogla, Kristian"]
[Black "Aure, Anders Nilsson"]
[Result "0-1"]
[WhiteElo "1700"]
[BlackElo "1803"]
[PlyCount "50"]
[EventDate "2017.??.??"]

1. Nf3 c5 2. c4 Nc6 3. Nc3 g6 4. g3 Bg7 5. Bg2 e6 6. e3 Nge7 7. O-O O-O 8. d4
cxd4 9. exd4 d5 10. c5 b6 11. Na4 Nf5 12. Bg5 Qc7 13. cxb6 axb6 14. Rc1 Qb7 15.
Be3 Bd7 16. Nc3 b5 17. b3 Qb6 18. a4 Ncxd4 19. Kh1 Nxe3 20. fxe3 Nf5 21. Re1
Nxe3 22. Qe2 Nxg2 23. Kxg2 bxa4 24. bxa4 Bxa4 25. Rb1 Qc7
0-1

[Event "Konnerud Høst 2017"]
[Site "Konnerud bydelshus"]
[Date "2017.10.18"]
[Round "5"]
[White "Høisveen, Tore"]
[Black "Sørjordet, Anders"]
[Result "0-1"]
[WhiteElo "1544"]
[BlackElo "1738"]
[PlyCount "42"]
[EventDate "2017.??.??"]

1. e4 c5 2. Bc4 Nc6 3. Nf3 e6 4. Nc3 d6 5. a3 Nf6 6. d3 Be7 7. O-O O-O 8. h3 d5
9. exd5 exd5 10. Ba2 d4 11. Ne2 Qc7 12. Bf4 Bd6 13. Bxd6 Qxd6 14. Ng3 Be6 15.
b3 b5 16. Ng5 Bd5 17. Re1 b4 18. axb4 cxb4 19. f3 Qxg3 20. Ne4 Bxe4 21. dxe4
Nh5
0-1

[Event "Konnerud Høst 2017"]
[Site "Konnerud bydelshus"]
[Date "2017.12.11"]
[Round "5"]
[White "Hellenes, Andrè Tsolis"]
[Black "Minde, Thomas"]
[Result "1/2-1/2"]
[WhiteElo "1714"]
[BlackElo "1530"]
[PlyCount "69"]
[EventDate "2017.??.??"]

1. d4 d5 2. c4 e6 3. Nc3 Nf6 4. Nf3 Be7 5. Bg5 h6 6. Bh4 O-O 7. e3 Nbd7 8. Bd3
dxc4 9. Bxc4 b6 10. O-O Bb7 11. Rc1 Ne4 12. Bxe7 Qxe7 13. a3 Ng5 14. Be2 Rac8
15. Nxg5 Qxg5 16. Bf3 Bxf3 17. Qxf3 c5 18. Rfd1 cxd4 19. Rxd4 Nc5 20. Rcd1 Rfd8
21. g3 Rxd4 22. Rxd4 Rd8 23. h4 Qe7 24. Rxd8+ Qxd8 25. b4 Qd2 26. bxc5 Qxc3 27.
Qa8+ Kh7 28. c6 Qc1+ 29. Kg2 Qc5 30. Qb7 Qd5+ 31. Kh2 Qf3 32. Kg1 Qd1+ 33. Kg2
Qd5+ 34. Kh2 Qf3 35. Kg1 
1/2-1/2

[Event "Konnerud Høst 2017"]
[Site "Konnerud bydelshus"]
[Date "2017.10.25"]
[Round "5"]
[White "Selmer, Thorgrim J"]
[Black "Nielsen, Christoffer Grimsrud"]
[Result "1-0"]
[WhiteElo "1647"]
[BlackElo "1503"]
[PlyCount "69"]
[EventDate "2017.??.??"]

1. c4 e5 2. Nc3 Bc5 3. Nf3 d6 4. g3 Be6 5. d3 Qd7 6. Ng5 Bf5 7. Bg2 h6 8. Nge4
Bb6 9. b4 a6 10. Bb2 Ne7 11. c5 Ba7 12. cxd6 cxd6 13. O-O Bh3 14. Bxh3 Qxh3 15.
Nxd6+ Kf8 16. Qb3 Qh5 17. Nxb7 Nbc6 18. Nc5 Nd4 19. Qd1 Rb8 20. Nd7+ Kg8 21.
Nxb8 Bxb8 22. e3 Nf3+ 23. Kg2 Qxh2+ 24. Kxf3 Qh5+ 25. Kg2 Qg5 26. Ne4 Qg6 27.
Qa4 f5 28. Nd2 f4 29. exf4 exf4 30. Rae1 fxg3 31. f3 Qxd3 32. Qb3+ Qxb3 33.
Nxb3 Nf5 34. Be5 Ba7 35. Bxg3
1-0

[Event "Konnerud Høst 2017"]
[Site "Konnerud bydelshus"]
[Date "2017.10.18"]
[Round "5"]
[White "Omland, Harald"]
[Black "Flemsæter, Egil"]
[Result "1-0"]
[WhiteElo "1644"]
[BlackElo "1389"]
[PlyCount "91"]
[EventDate "2017.??.??"]

1. e4 c5 2. f4 d6 3. Nf3 g6 4. Be2 Bg7 5. O-O Nf6 6. d3 O-O 7. Nc3 Nc6 8. Qe1
Nd4 9. Nxd4 cxd4 10. Nd5 Nxd5 11. exd5 e5 12. Qg3 Re8 13. Bd2 Bf5 14. Rf2 e4
15. dxe4 Bxe4 16. Bd3 Bxd5 17. f5 Be5 18. Qg4 Bg7 19. Raf1 Qd7 20. Qg5 f6 21.
Qg4 Bf7 22. Qxd4 Re5 23. Bc3 g5 24. Qb4 Re7 25. Rd1 a5 26. Qb6 Qc6 27. Qd4 Qc5
28. Qg4 h5 29. Qa4 b6 30. Bb4 Qxb4 31. Qc6 Rae8 32. b3 Re1+ 33. Rf1 Rxd1 34.
Rxd1 Re1+ 35. Rxe1 Qxe1+ 36. Bf1 Qe3+ 37. Kh1 Qf2 38. Qb5 Kh7 39. Qd3 Bd5 40.
Qd1 h4 41. Qh5+ Bh6 42. Qg6+ Kh8 43. Qxh6+ Kg8 44. Qg6+ Kf8 45. Qxf6+ Ke8 46.
Bb5+
1-0

[Event "Konnerud Høst 2017"]
[Site "Konnerud bydelshus"]
[Date "2017.10.18"]
[Round "5"]
[White "Løvaas, Roger"]
[Black "Odde, Kent"]
[Result "1-0"]
[WhiteElo "1443"]
[BlackElo "1503"]
[PlyCount "65"]
[EventDate "2017.??.??"]

1. d4 d5 2. Bf4 c5 3. c3 e6 4. e3 Nc6 5. Nf3 Nf6 6. Bd3 cxd4 7. cxd4 Bb4+ 8.
Nbd2 O-O 9. O-O Bd7 10. a3 Be7 11. Qc2 Rc8 12. Qb1 a6 13. b4 b5 14. Rc1 Qb6 15.
Nb3 h6 16. Nc5 Rfd8 17. h3 Nb8 18. Ne5 Bc6 19. Qb2 Bb7 20. Rc3 Nbd7 21. Rac1
Nxe5 22. Bxe5 Bxc5 23. bxc5 Qc6 24. Bxf6 gxf6 25. f4 f5 26. Qf2 Kh7 27. Kh2 Rg8
28. g4 Kh8 29. Qh4 Rg6 30. gxf5 exf5 31. Bxf5 Rf6 32. Bxc8 Bxc8 33. Rg1
1-0

[Event "Konnerud Høst 2017"]
[Site "Konnerud bydelshus"]
[Date "2017.10.25"]
[Round "5"]
[White "Aure, Håvard"]
[Black "Auke, Morthen"]
[Result "0-1"]
[WhiteElo "1418"]
[BlackElo "1294"]
[PlyCount "96"]
[EventDate "2017.??.??"]

1. e4 c5 2. Nf3 d6 3. d4 cxd4 4. Nxd4 a6 5. Nc3 e5 6. Nb3 Nf6 7. Bc4 Be7 8. Nd5
Nxd5 9. Bxd5 O-O 10. Be3 Nc6 11. Qe2 Nb4 12. a3 Nxd5 13. exd5 Bd7 14. O-O Rc8
15. Rac1 Bg5 16. Bxg5 Qxg5 17. Qe3 Qg6 18. Qd3 Bf5 19. Qg3 Qxg3 20. hxg3 Bxc2
21. Na5 Rc7 22. Nxb7 Rfc8 23. Nxd6 Rd8 24. Nb7 Rxd5 25. Rfe1 f6 26. Re2 Rd1+
27. Rxd1 Bxd1 28. Rd2 Rxb7 29. Rxd1 Rxb2 30. Rd8+ Kf7 31. Ra8 Rb6 32. Kf1 Ke6
33. Ra7 g5 34. Rxh7 Rb3 35. Rc7 Rxa3 36. Rc6+ Kf5 37. g4+ Kg6 38. f3 a5 39. Kf2
a4 40. Ra6 Ra2+ 41. Kg3 a3 42. Ra8 Ra1 43. Ra6 a2 44. Ra8 Kf7 45. Ra6 Ke7 46.
Kf2 Kd7 47. Ke2 Kc7 48. Kd2 Rg1
0-1

[Event "Konnerud Høst 2017"]
[Site "Konnerud bydelshus"]
[Date "2017.11.01"]
[Round "6"]
[White "Andersson, Øivind"]
[Black "Taksrud, Vidar"]
[Result "0-1"]
[WhiteElo "1546"]
[BlackElo "1983"]
[PlyCount "60"]
[EventDate "2017.??.??"]

1. e4 e6 2. f4 d5 3. Nc3 dxe4 4. Nxe4 Nf6 5. Bd3 c5 6. Nf3 Nc6 7. O-O Be7 8.
Nxf6+ Bxf6 9. Bb5 Bd7 10. c3 O-O 11. d3 Qb6 12. Bxc6 Bxc6 13. Kh1 Rfd8 14. Qc2
Qa6 15. c4 Rac8 16. Ne5 Be8 17. Be3 Qd6 18. d4 cxd4 19. Rad1 Bxe5 20. fxe5 Qxe5
21. Bf4 Qc5 22. Qd3 f6 23. b3 e5 24. Bd2 Bg6 25. Qg3 e4 26. Bf4 e3 27. Qg4 Qf5
28. Qe2 Bh5 29. Qd3 Qxd3 30. Rxd3 Be2
0-1

[Event "Konnerud Høst 2017"]
[Site "Konnerud bydelshus"]
[Date "2017.12.05"]
[Round "6"]
[White "Stenseng, Benjamin"]
[Black "Aure, Anders Nilsson"]
[Result "1-0"]
[WhiteElo "1171"]
[BlackElo "1803"]
[PlyCount "91"]
[EventDate "2017.??.??"]

1. c4 Nf6 2. g3 e5 3. Nc3 d5 4. cxd5 Nxd5 5. Bg2 Nb6 6. d3 Nc6 7. Nf3 f6 8. O-O
Be6 9. Be3 Nd4 10. Bxd4 exd4 11. Ne4 Be7 12. Qc2 Qd7 13. Nc5 Bxc5 14. Qxc5 Rd8
15. b3 c6 16. Rac1 g5 17. Rfe1 h5 18. e3 dxe3 19. Rxe3 Kf7 20. Rce1 Rhe8 21.
Nxg5+ fxg5 22. Qxg5 Bg4 23. h3 Rxe3 24. Rxe3 Re8 25. hxg4 Rxe3 26. Qxh5+ Kf8
27. fxe3 Qxd3 28. Qf5+ Qxf5 29. gxf5 Kf7 30. Kf2 Kf6 31. e4 Nd7 32. Ke3 c5 33.
Bf1 Ne5 34. Kf4 a6 35. a4 Nc6 36. g4 Nd4 37. e5+ Kg7 38. Bc4 b5 39. axb5 axb5
40. f6+ Kf8 41. Bd5 Ne2+ 42. Kf5 Nd4+ 43. Kg6 Nxb3 44. e6 Nd4 45. e7+ Ke8 46.
Kg7
1-0

[Event "Konnerud Høst 2017"]
[Site "Konnerud bydelshus"]
[Date "2017.10.01"]
[Round "6"]
[White "Auke, Morthen"]
[Black "Hellenes, Andrè Tsolis"]
[Result "0-1"]
[WhiteElo "1294"]
[BlackElo "1714"]
[PlyCount "62"]
[EventDate "2017.??.??"]

1. d4 Nf6 2. c4 c6 3. Nf3 d5 4. e3 Bg4 5. Be2 e6 6. O-O Bd6 7. c5 Be7 8. Ne5
Bxe2 9. Qxe2 Nbd7 10. Nd3 O-O 11. Nd2 Qc7 12. f4 b6 13. b4 a5 14. Ba3 axb4 15.
Bxb4 bxc5 16. dxc5 Rfb8 17. Rfb1 Ne4 18. Rc1 Bf6 19. Rab1 Rxa2 20. Rd1 Bc3 21.
Qe1 Bxd2 22. Bxd2 Rxb1 23. Rxb1 Rxd2 24. Rb3 h6 25. h3 Qa7 26. Qb1 Ndxc5 27.
Nxc5 Qxc5 28. Kh2 Qc2 29. Rb8+ Kh7 30. Qf1 Rd1 31. Qf3 Qc1
0-1

[Event "Konnerud Høst 2017"]
[Site "Konnerud bydelshus"]
[Date "2017.11.01"]
[Round "6"]
[White "Odde, Kent"]
[Black "Zogla, Kristian"]
[Result "0-1"]
[WhiteElo "1503"]
[BlackElo "1700"]
[PlyCount "56"]
[EventDate "2017.??.??"]

1. c4 e5 2. g3 Nf6 3. Bg2 c6 4. Nc3 d5 5. cxd5 cxd5 6. e3 Nc6 7. d4 exd4 8.
exd4 Bf5 9. Nge2 Nb4 10. O-O Nc2 11. Bg5 Nxa1 12. Bxf6 gxf6 13. Qxa1 Bg7 14.
Nxd5 O-O 15. Qd1 Bd7 16. Ndc3 f5 17. d5 Qb6 18. Qd2 Rac8 19. Rd1 Rfe8 20. Nf4
Bh6 21. d6 Rc5 22. Bh3 Rce5 23. Ncd5 Qxd6 24. Nf6+ Qxf6 25. Qxd7 Re1+ 26. Rxe1
Rxe1+ 27. Bf1 Bxf4 28. gxf4 Qg6+
0-1

[Event "Konnerud Høst 2017"]
[Site "Konnerud bydelshus"]
[Date "2017.11.01"]
[Round "6"]
[White "Minde, Thomas"]
[Black "Selmer, Thorgrim J"]
[Result "1/2-1/2"]
[WhiteElo "1530"]
[BlackElo "1647"]
[PlyCount "90"]
[EventDate "2017.??.??"]

1. Nf3 Nf6 2. g3 b6 3. Bg2 Bb7 4. O-O c5 5. c4 d5 6. d4 e6 7. Bg5 Be7 8. dxc5
bxc5 9. Ne5 h6 10. Qa4+ Nbd7 11. Bf4 Qb6 12. cxd5 exd5 13. b3 Qa6 14. Qxa6 Bxa6
15. Nxd7 Kxd7 16. Re1 Rae8 17. Nc3 d4 18. Nd5 Nxd5 19. Bxd5 g5 20. Bd2 Rhf8 21.
Rac1 Kd6 22. Bc4 Bxc4 23. Rxc4 Bd8 24. e3 Bb6 25. exd4 Rxe1+ 26. Bxe1 Re8 27.
dxc5+ Bxc5 28. Bb4 Rc8 29. Bxc5+ Rxc5 30. Rd4+ Ke6 31. b4 Rc2 32. a3 Ra2 33.
Rd3 h5 34. h3 f5 35. Rc3 Kd5 36. Rc5+ Ke4 37. Ra5 h4 38. gxh4 gxh4 39. Rxa7 Kf3
40. b5 Ra1+ 41. Kh2 Rf1 42. Re7 Rxf2+ 43. Kg1 Rb2 44. a4 Rb1+ 45. Kh2 Rb2+
1/2-1/2

[Event "Konnerud Høst 2017"]
[Site "Konnerud bydelshus"]
[Date "2017.11.01"]
[Round "6"]
[White "Flemsæter, Egil"]
[Black "Høisveen, Tore"]
[Result "0-1"]
[WhiteElo "1389"]
[BlackElo "1544"]
[PlyCount "76"]
[EventDate "2017.??.??"]

1. e4 e5 2. d4 exd4 3. c3 dxc3 4. Nxc3 Nc6 5. Bc4 Bc5 6. Nf3 h6 7. Qd5 Qe7 8.
O-O Nf6 9. Qd2 O-O 10. Nd5 Nxd5 11. exd5 Ne5 12. Nxe5 Qxe5 13. Re1 Qf6 14. Qe2
d6 15. Be3 Re8 16. Qd3 Bf5 17. Qd2 Bb6 18. Kh1 Bxe3 19. fxe3 Be4 20. Bd3 Qg6
21. Bxe4 Rxe4 22. Rac1 Re7 23. Qf2 b6 24. Rf1 Qe4 25. Qf3 Rc8 26. Rc3 a5 27.
Rd1 f6 28. Rd4 Qb1+ 29. Rd1 Qxb2 30. Rdc1 Qxa2 31. Qf5 Rce8 32. Qg6 Qxd5 33.
Rxc7 Qe4 34. Qh5 Rxc7 35. Rd1 Qxe3 36. h3 Rc1 37. Rxc1 Qxc1+ 38. Kh2 Qf4+
0-1

[Event "Konnerud Høst 2017"]
[Site "Konnerud bydelshus"]
[Date "2017.11.01"]
[Round "6"]
[White "Nielsen, Christoffer Grimsrud"]
[Black "Aure, Håvard"]
[Result "1-0"]
[WhiteElo "1503"]
[BlackElo "1418"]
[PlyCount "21"]
[EventDate "2017.??.??"]

1. e4 e5 2. Nf3 Nc6 3. Bb5 Nf6 4. Nc3 d6 5. d4 a6 6. Bxc6+ bxc6 7. dxe5 Qe7 8.
exf6 Qxf6 9. O-O Bb7 10. Re1 O-O-O 11. Bg5
1-0

[Event "Konnerud Høst 2017"]
[Site "Konnerud bydelshus"]
[Date "2017.11.01"]
[Round "6"]
[White "Bjørklund, Torfinn"]
[Black "Marthinussen, Emma Viktoria L"]
[Result "1/2-1/2"]
[WhiteElo "1491"]
[BlackElo "1415"]
[PlyCount "62"]
[EventDate "2017.??.??"]

1. e4 e5 2. Nf3 Nc6 3. Bb5 Nf6 4. Nc3 Bc5 5. Bxc6 bxc6 6. Nxe5 Qe7 7. d4 Bb6 8.
O-O d5 9. Nxc6 Qd6 10. e5 Qxc6 11. exf6 Qxf6 12. Nxd5 Qd6 13. c4 O-O 14. Re1
Be6 15. Nxb6 axb6 16. b3 Rfe8 17. Bb2 Rad8 18. d5 Bf5 19. Qd2 Rxe1+ 20. Rxe1 c6
21. Qc3 f6 22. Qg3 Qb4 23. Qe3 cxd5 24. cxd5 Bg6 25. Qe7 Qxe7 26. Rxe7 Rxd5 27.
Re1 Rd2 28. Bc3 Rxa2 29. b4 Rc2 30. Bd4 b5 31. Bc5 Rd2
1/2-1/2

[Event "Konnerud Høst 2017"]
[Site "Konnerud bydelshus"]
[Date "2017.11.08"]
[Round "7"]
[White "Taksrud, Vidar"]
[Black "Hellenes, Andrè Tsolis"]
[Result "1-0"]
[WhiteElo "1983"]
[BlackElo "1714"]
[PlyCount "61"]
[EventDate "2017.??.??"]

1. d4 d5 2. Nf3 Nf6 3. g3 c5 4. Bg2 Nc6 5. O-O e6 6. Bf4 cxd4 7. Nxd4 Be7 8. c4
O-O 9. Nc3 Nxd4 10. Qxd4 dxc4 11. Qxc4 a6 12. Bc7 Qd2 13. Rfd1 Qg5 14. Rac1 Qc5
15. Na4 Qxc4 16. Rxc4 b5 17. Bxa8 bxc4 18. Nb6 Bc5 19. Nxc4 Bd7 20. Ne5 Bb5 21.
Bf3 Rc8 22. Ba5 h6 23. b3 Ba7 24. a4 Be8 25. Nc4 Bxa4 26. Nd6 Bxb3 27. Nxc8
Bxf2+ 28. Kxf2 Bxd1 29. Bb7 Ng4+ 30. Ke1 Bb3 31. h3
1-0

[Event "Konnerud Høst 2017"]
[Site "Konnerud bydelshus"]
[Date "2017.11.08"]
[Round "7"]
[White "Aure, Anders Nilsson"]
[Black "Minde, Thomas"]
[Result "1-0"]
[WhiteElo "1803"]
[BlackElo "1530"]
[PlyCount "92"]
[EventDate "2017.??.??"]

1. c4 Nf6 2. Nc3 d5 3. cxd5 Nxd5 4. g3 Nc6 5. Bg2 Nb6 6. Nf3 Bf5 7. O-O e6 8.
d3 Bc5 9. a3 Rb8 10. b4 Be7 11. Bb2 O-O 12. Rc1 Bf6 13. Qd2 Nd4 14. Nxd4 Bxd4
15. Rfd1 c6 16. b5 Qf6 17. e3 Bg4 18. f3 Bxf3 19. Bxf3 Qxf3 20. exd4 Nd5 21.
Qf2 Qg4 22. Nxd5 cxd5 23. Qf4 Qh5 24. a4 Rbc8 25. Ba3 Rfe8 26. Qd2 Qg4 27. Bb2
f5 28. Qe1 f4 29. Kg2 f3+ 30. Kf2 Rf8 31. Qf1 h5 32. h3 Qg5 33. Qe1 Qf5 34. Ba3
Rxc1 35. Rxc1 Rf7 36. Qf1 h4 37. Bd6 Qg5 38. Rc8+ Kh7 39. Qc1 hxg3+ 40. Bxg3
Qf5 41. Rc7 Qxd3 42. Qc2 Qxc2+ 43. Rxc2 Kg6 44. Rc3 a6 45. b6 Rf5 46. Rc7 Rf7
1-0

[Event "Konnerud Høst 2017"]
[Site "Konnerud bydelshus"]
[Date "2017.11.29"]
[Round "7"]
[White "Zogla, Kristian"]
[Black "Sørjordet, Anders"]
[Result "0-1"]
[WhiteElo "1700"]
[BlackElo "1738"]
[PlyCount "104"]
[EventDate "2017.??.??"]

1. g4 d5 2. Bg2 c5 3. d4 Nc6 4. dxc5 Bxg4 5. Qxd5 Qxd5 6. Bxd5 g6 7. Bxc6+ bxc6
8. f3 Be6 9. Bf4 Bg7 10. c3 Nf6 11. Be5 O-O 12. e4 Rfd8 13. Ne2 Bh3 14. Rg1 Bh6
15. Rg3 Bc8 16. Na3 Nd7 17. Bc7 Re8 18. b4 Nf8 19. Bf4 Bg7 20. O-O-O Ne6 21.
Be3 a5 22. b5 cxb5 23. Nxb5 Ba6 24. Ned4 Nxd4 25. Nxd4 Rec8 26. Rg2 Rxc5 27.
Rc2 Rc4 28. f4 e5 29. fxe5 Bxe5 30. Rdd2 Bb7 31. Nf3 Bg7 32. Bd4 Bxe4 33. Ne5
Bxe5 34. Bxe5 Bxc2 35. Kxc2 Re4 36. Rd5 Re2+ 37. Kb3 Re8 38. Bf6 a4+ 39. Kxa4
Rxa2+ 40. Kb3 Rxh2 41. c4 Rf2 42. Bd8 h5 43. c5 Re6 44. Bg5 Kg7 45. Rd6 Rfe2
46. Kc4 f6 47. Bf4 g5 48. Kd5 Re8 49. Bc1 h4 50. Ba3 h3 51. Rd7+ Kg6 52. c6 h2
0-1

[Event "Konnerud Høst 2017"]
[Site "Konnerud bydelshus"]
[Date "2017.11.08"]
[Round "7"]
[White "Selmer, Thorgrim J"]
[Black "Stenseng, Benjamin"]
[Result "1-0"]
[WhiteElo "1647"]
[BlackElo "1171"]
[PlyCount "33"]
[EventDate "2017.??.??"]

1. c4 f5 2. d4 Nf6 3. Nc3 e6 4. g3 Be7 5. Bg2 c6 6. e4 fxe4 7. Nxe4 O-O 8. Ne2
d5 9. Ng5 Ng4 10. Nh3 Nd7 11. Nef4 Ndf6 12. Ng5 Qb6 13. O-O e5 14. dxe5 Nxe5
15. cxd5 Bg4 16. Qc2 Nxd5 17. Qxh7#
1-0

[Event "Konnerud Høst 2017"]
[Site "Konnerud bydelshus"]
[Date "2017.11.08"]
[Round "7"]
[White "Løvaas, Roger"]
[Black "Andersson, Øivind"]
[Result "1-0"]
[WhiteElo "1443"]
[BlackElo "1546"]
[PlyCount "83"]
[EventDate "2017.??.??"]

1. d4 d5 2. Bf4 e6 3. Nf3 Bd6 4. Bg5 Ne7 5. e3 Bd7 6. c4 c6 7. c5 Bc7 8. b4 b5
9. a4 f6 10. Bh4 g5 11. Bg3 Bxg3 12. hxg3 g4 13. Nh4 f5 14. Na3 a5 15. axb5
axb4 16. Nc2 Rxa1 17. Qxa1 b3 18. Nb4 cxb5 19. Be2 Qc7 20. O-O Kf7 21. Qb2 Bc6
22. f4 Nd7 23. Ra1 Ra8 24. Rxa8 Bxa8 25. Qxb3 Qa5 26. Kf2 Nf6 27. Bd3 Nc6 28.
Nxc6 Bxc6 29. Qc2 Qa3 30. Nxf5 exf5 31. Bxf5 b4 32. Bxh7 Ne4+ 33. Bxe4 dxe4 34.
Qc4+ Ke7 35. d5 Qb2+ 36. Kg1 Qb1+ 37. Kh2 Be8 38. d6+ Kd8 39. c6 b3 40. c7+ Kd7
41. c8=Q+ Kxd6 42. Qd8+
1-0

[Event "Konnerud Høst 2017"]
[Site "Konnerud bydelshus"]
[Date "2017.11.08"]
[Round "7"]
[White "Nielsen, Christoffer Grimsrud"]
[Black "Auke, Morthen"]
[Result "1-0"]
[WhiteElo "1503"]
[BlackElo "1294"]
[PlyCount "35"]
[EventDate "2017.??.??"]

1. e4 e5 2. Nf3 d6 3. d4 Bg4 4. dxe5 Bxf3 5. Qxf3 dxe5 6. Bc4 Nf6 7. Qb3 Bc5 8.
Bxf7+ Kf8 9. Qxb7 Nbd7 10. Bd5 Nxd5 11. Qxd5 Rb8 12. O-O Rb5 13. Be3 Qe7 14.
Bxc5 Rxc5 15. Qa8+ Qe8 16. Qxa7 Rxc2 17. Nc3 Rxb2 18. Qa3+
1-0

[Event "Konnerud Høst 2017"]
[Site "Konnerud bydelshus"]
[Date "2017.11.08"]
[Round "7"]
[White "Flemsæter, Egil"]
[Black "Bjørklund, Torfinn"]
[Result "1-0"]
[WhiteElo "1389"]
[BlackElo "1491"]
[PlyCount "69"]
[EventDate "2017.??.??"]

1. e4 c5 2. Nf3 d6 3. d4 cxd4 4. Nxd4 Nc6 5. Nc3 Nf6 6. Bc4 g6 7. Nxc6 bxc6 8.
e5 Nh5 9. exd6 exd6 10. O-O d5 11. Re1+ Be6 12. Bb3 Bg7 13. Na4 Qd6 14. c4 O-O
15. cxd5 cxd5 16. Be3 Rfd8 17. Bd4 Qd7 18. Rc1 Rac8 19. Rxc8 Rxc8 20. Nc5 Qe7
21. Nxe6 fxe6 22. Bxg7 Nxg7 23. Bxd5 Kh8 24. Bb3 Qc5 25. g3 Re8 26. Qc2 Qe7 27.
Re5 Qf6 28. Qe4 Kg8 29. f4 Rc8 30. g4 Qe7 31. f5 gxf5 32. gxf5 Kf7 33. fxe6+
Nxe6 34. Qxh7+ Kf6 35. Rf5#
1-0